Geography for noobs - Statistics

General Stats
  • This quiz has been taken 181 times
  • The average score is 15 of 20
Answer Stats
Question Answer % Correct
Which country has the second largest population India
92%
What is the most populous Portuguese speaking country Brazil
91%
What country occupies Greenland Denmark
91%
What country borders the most other countries China | Russia
90%
What country has the smallest population Vatican City
88%
Where is the Benelux located(by continent) Europe
87%
What is the most populous city in the United Arab Emirates Dubai
85%
Name one countries Indonesia borders Malaysia | East Timor | Papua New Guinea
85%
How many countries does Jetpunk recognize 196
80%
What continent has the least amount of countries(excluding Antarctica) South America
77%
What was Iran's previous name Persia
76%
What is the biggest country in Europe(excluding multi-continental nations) Ukraine
74%
What is the newest country to gain independence South Sudan
72%
What country borders Saudi Arabia with only a man-made bridge Bahrain
69%
What is the capital of Morocco Rabat
68%
What is the only political party in Vietnam Communist Party
63%
Where is Tamil spoken mostly Sri Lanka
57%
What country has the 3rd highest GDP Japan
51%
What do you call a Russian subdivision Oblast
36%
How do you say Switzerland in German Schweiz
24%
No matching quizzes found
Score Distribution
Percent of People with Each Score
Percentile by Number Answered
Your Score History
You have not taken this quiz